Normal view
MARC view
Entry Topical Term
001 - CONTROL NUMBER
- control field: 20164
003 - CONTROL NUMBER IDENTIFIER
- control field: OSt
005 - DATE AND TIME OF LATEST TRANSACTION
- control field: 20211123143923.0
008 - FIXED-LENGTH DATA ELEMENTS
- fixed length control field: 211123|| aca||aabn | a|a d
040 ## - CATALOGING SOURCE
- Original cataloging agency: OSt
- Transcribing agency: OSt
150 ## - HEADING--TOPICAL TERM
- Topical term or geographic name entry element: Plant ecology
- Geographic subdivision: Kenya
- General subdivision: History
- General subdivision: Pictorial works
670 ## - SOURCE DATA FOUND
- Source citation: Work cat.: (OSt)19791: Turner, R. M. (Raymond M.) 20162, Kenya's changing landscape /, c1998.